000
00223 a2200097 4500
001
6772
100
_a
Hannan, E J
245
_a
Group Representations and applied Probability
260
_a
_b
Methuen
_c
090
_c
5599
_d
5599
942
_a
NUST-CAE
_c
M
_c
32043
999
_c
241845
_d
241845